000 00293nam a2200121Ia 4500
008 190216s9999||||xx |||||||||||||| ||und||
100 _aHerbert Stern & David L Nanney
245 0 _aBiology Of Cells
260 _bWiley Eastern Ltd
_c1975
300 _a548p
650 _aBotany
942 _cBK
999 _c1362
_d1362